000 00508nam a2200181 4500
001 108592
003 ES-MaACL
005 20240429130337.0
007 t|
008 061121s1935 fr r ||||1| fre d
100 1 _aMonnier, Henry.
_982249
245 1 0 _aMorceaux choisis
_b: avant propos d'André Gide /
_cHenry Monnier.
260 _aParís :
_bGallimard,
_c1935.
300 _a239 p. ;
_c19 cm.
700 1 _aGide, André,
_d1869-1951
_956674
852 _aES-MaACL
_jA-4230
999 _c108592
_d108592